| 000 | 01093nam a2200289 a 4500 | ||
|---|---|---|---|
| 001 | 43471 | ||
| 003 | BD-RjUL | ||
| 005 | 20211209053713.0 | ||
| 008 | 160622s1969 ctuac 000 0 eng | ||
| 035 | _a(BD-RjUL)43589 | ||
| 040 |
_aDLC _cDLC _dBD-RjUL _beng |
||
| 041 | _aeng | ||
| 082 | 0 | 0 |
_a973.917 _bLAA 1969 |
| 100 | 1 |
_aLange, Dorothea _9133518 |
|
| 245 | 1 | 3 |
_aAn American exodus : _ba record of human erosion in the Thirties / _cby Dorothea Lange and Paul Schuster Taylor. |
| 250 | _a[Rev. and extended ed.] | ||
| 260 |
_aNew Haven : _bPublished for the Oakland Museum [by] Yale University Press, _c1969 |
||
| 300 |
_a144 p. : _billus., ports. ; _c24 x 29 cm. |
||
| 350 | _a10.00 | ||
| 650 | 0 |
_aAgricultural laborers _zUnited States _xPictorial works. _9133519 |
|
| 650 | 0 |
_aMigration, Internal _zUnited States _xPictorial works. _9133520 |
|
| 650 | 0 |
_aDepressions _y1929 _zUnited States _xPictorial works. _9133521 |
|
| 700 | 1 |
_aTaylor, Paul S. _q(Paul Schuster), _d1895-1984, _ejoint author. _9133522 |
|
| 710 | 2 |
_aOakland Museum. _9133523 |
|
| 942 |
_2ddc _cBK |
||
| 999 |
_c43471 _d43471 |
||